000 00963nam a2200205 a 4500
008 071001s1995 ||||||||||||||||| || u
020 _a0801847052
050 _aIBRD(058)
110 _aWorld Bank
245 1 0 _aSocial indicators of development
260 _aWashington, D. C.:
_bWorld Bank
_c1995
300 _axiii, 396p. : ill.
350 _a0.00
500 _aLibrary Holding: 1995, 1996
650 _aSocial indicators
650 0 _aECONOMIC INDICATORS
995 _aSPECIAL COLLECTIONS
_D0.00
_e025084
_FCBU-MAIN LIBRARY (Kitwe)
_H1
_I0.00
_jIBRD(058)SID/1995B
_M1
_UAVAILABLE
_WOct 1, 2007
_y025084
_ZInternational Publications
995 _aSPECIAL COLLECTIONS
_D0.00
_e026650
_FCBU-MAIN LIBRARY (Kitwe)
_H1
_I0.00
_jIBRD(058)S6/1995A
_M2
_UAVAILABLE
_WApr 17, 2008
_y026650
_ZInternational Publications
995 _aSPECIAL COLLECTIONS
_D0.00
_e026037
_FCBU-MAIN LIBRARY (Kitwe)
_H1
_I0.00
_jIBRD(058)S6/1996
_M3
_UAVAILABLE
_WApr 18, 2008
_y026037
_ZInternational Publications
999 _c76578
_d76578